000 00974njm a2200325 c 4500
003 BLK
005 20180421002554.0
008 180410b bul||n||s|||||||| n|bulo|
010 _aCDD00005346000
040 _aBLK
041 _aDEU
_cDEU
072 7 _2bullib
_aФ0502
_xЗабавна музика Ф
080 _aСалонни и танцови оркестри. Естраден оркестър. Джаз. Рок
_b785.161
_x
_z785.161
700 1 _aJojo Effect
_eизп.
_914220
139 _aJojo Effect
_bJ 74
245 1 0 _aMarble Tunes [CD аудио]
_cизп. Jojo Effect.
257 _aDEU
260 Wuppertal
_bChinChin Media Publ.
_c2011
300 _c12 cm. Stereo
306 _a67мин. 19сек.
380 _a7
650 4 _aДжаз
_9153283
653 _aджаз
659 _aФ
852 _aЦб CD 3019
_p0
856 4 _qpdf
_u
856 4 _qpdf
_u
942 _cCDD
_n0
944 _aCR
_c08.12.2011
_kТеодора_Стоянова
944 _aED
_c27.08.2012
_k
999 _c223619
_d223619